000 00461nam a2200145Ia 4500
008 090124s9999 xx 000 0 und d
082 _b33752
245 _a मन सर्व शक्तीचे आगार
250 _a1
260 _bसावजी संजीव
_c2006
300 _a104
630 _a मन सर्व शक्तीचे आगार
730 _a मन सर्व शक्तीचे आगार
942 _cBOOK
999 _c188619
_d188619